Geography Quiz

Random Geography or City Quiz
Score 0/25 Timer 03:00
0 Plays Today
% Correct
Mindanao
78.4%
Luzon
78.4%
Luzon
77.7%
Luzon
77.1%
Luzon
75.6%
Luzon
75.4%
Luzon
75%
Luzon
74.8%
Mindanao
74.2%
Luzon
74.2%
Visayas
73.7%
Mindanao
73.7%
Visayas
73.7%
% Correct
Mindanao
73.3%
Mindanao
72.9%
Mindanao
72.7%
Visayas
72.1%
Mindanao
71.6%
Mindanao
71.4%
Visayas
71.4%
Mindanao
70.6%
Visayas
70.4%
Visayas
70%
Visayas
68.5%
Visayas
66.6%
Remove Ads.
Support Sporcle.
Get the best of Sporcle when you Go Orange. This ad-free experience offers more features, more stats, and more fun while also helping to support Sporcle. Thank you for becoming a member.

You're not logged in!

Compare scores with friends on all Sporcle quizzes.
OR
Log In

Show Comments

Extras

Created Jul 29, 2012ReportNominate
Tags:City Quiz, philippine, Urbanized

Top Quizzes Today


Score Distribution

Your Account Isn't Verified!

In order to create a playlist on Sporcle, you need to verify the email address you used during registration. Go to your Sporcle Settings to finish the process.

Report this User

Report this user for behavior that violates our Community Guidelines.

Details: